00548nam a2200193 a 4500001001300000003000900013005001700022008004100039020001000080082001700090100002100107245003400128260005300162300000900215500003500224505005100259650002300310700002100333nice12345678IN_TiNIC20260116011850.0050524s1923 bera grs 000 0 14g  ac10000a016.297bPFA aPfannmuller, D G aHandbuch Der Islam Literature aBerlinbVerlag Von Valter De Gruyter & Co.c1923 a436p aincludes index and biblioraphy2 aAn altogether new interpretation of Revelation aBibliography-Islam1 aPfannmuller, D G